000 01820nam a2200349 a 4500
001 000007562
003 DO-SdBNP
005 20171003130946.0
007 000007562
008 090909t2001 dr ac 001 edspa d
020 _a9993467006
040 _aBPMSU
_bspa
_cBPMSU
082 _2
_aRD864.44
_bL296s, 2001
100 1 _aLantigua, José Rafael,
_d1949-
245 1 0 _aSemblanzas del corazón :
_bmemorias y nostalgias /
_cJosé Rafael Lantigua ; prólogo Adriano Miguel Tejada, Bruno Rosario Candelier.
250 _a2a ed. corr. y aumentada
260 _aSanto Domingo :
_bAmigo del hogar,
_c2001.
300 _a303 p. :
_bil., retrs. ;
_c24 cm.
500 _aIncluye índice onomástico.
500 _aIncluye bibliografía y notas al pie de páginas.
505 0 _tNota del autor --
_tEsta va del alma. Prólogo a la primera edición /
_rAdriano Miguel Tejeda --
_tVivencias memorables. Prólogo a la segunda edición /
_rBruno Rosario Candelier --
_tMoldeando la arcilla --
_tMagisterios fecundos --
_tLa amistad en tres visiones --
_tLa poesía tiene un lugar aquí --
_tLas generaciones precedentes --
_tTres mujeres de ayer y de hoy --
_tTres testimonios en el recuerdo --
_tUn punto de mira: la nostalgia --
_tDe historias y sucesos --
_tDos discursos --
_tPara la historia del Ateneo de Moca --
_tApéndice --
_tÍndice onomástico.
650 4 _aENSAYOS DOMINICANOS
650 4 _aAUTORES DOMINICANOS
_xCORRESPONDENCIA, MEMORIAS, ETC.
650 4 _aLITERATURA DOMINICANA
651 4 _aMOCA (REPÚBLICA DOMINICANA)
_xVIDA SOCIAL Y COSTUMBRES
700 1 _aTejada, Adriano Miguel,
_d1948-,
_epról.
700 1 _aRosario Candelier, Bruno,
_d1941-,
_epról.
910 _aValidado. Control de calidad EMS.
942 _2ddc
_cBK
945 _aInventariado / 2017 VM
956 _aVMATEO
_b10
_c20150727
_lBPMSU
_h00151
999 _c8016
_d8016